[Event "SWE-ch U20"]
[Site "Helsingborg"]
[Date "2023.07.06"]
[Round "6"]
[White "Strom Engdahl, Alexander"]
[Black "Persson, Sebastian"]
[Result "1-0"]
[WhiteElo "2120"]
[BlackElo "1947"]
[PlyCount "67"]
[EventDate "2023.07.01"]
[EventType "tourn"]
[EventRounds "9"]
[EventCountry "SWE"]
[SourceTitle "CBM 215 Extra"]
[Source "ChessBase"]
[SourceDate "2023.09.30"]
[SourceVersion "1"]
[SourceVersionDate "2023.09.30"]
[SourceQuality "1"]

1. e4 c6 2. d4 d5 3. exd5 cxd5 4. Bd3 Nc6 5. c3 Nf6 6. Bf4 Bg4 7. Qb3 Qc8 8. Nd2 e6 9. Ngf3 Be7 10. 0-0 0-0 11. Rfe1 Nd7 12. Qc2 h5 13. h3 Bxf3 14. Nxf3 Qd8 15. Qe2 Re8 16. b4 Nf8 17. a4 Rc8 18. Qd2 Bf6 19. g4 hxg4 20. hxg4 Nd7 21. Be5 Ncxe5 22. dxe5 Be7 23. g5 g6 24. Kg2 Qc7 25. Rac1 Kg7 26. Qf4 Rh8 27. Rh1 Rh5 28. Rxh5 gxh5 29. c4 Bxb4 30. g6 f6 31. Rh1 Nxe5 32. Rxh5 Nxg6 33. Qh6+ Kf7 34. Qxg6+ 1-0

[Event "Rilton Cup 50th"]
[Site "Stockholm"]
[Date "2022.12.31"]
[Round "5"]
[White "Sawatzki, Frank"]
[Black "Persson, Sebastian"]
[Result "1-0"]
[WhiteElo "2369"]
[BlackElo "1727"]
[PlyCount "89"]
[EventDate "2022.12.27"]
[EventType "swiss"]
[EventRounds "9"]
[EventCountry "SWE"]
[SourceTitle "CBM 212 Extra"]
[Source "ChessBase"]
[SourceDate "2023.03.31"]
[SourceVersion "1"]
[SourceVersionDate "2023.03.31"]
[SourceQuality "1"]

1. e4 c6 2. Nf3 d5 3. d3 Bg4 4. h3 Bh5 5. Nbd2 e6 6. Be2 Nf6 7. 0-0 Be7 8. c3 0-0 9. Re1 Re8 10. Qc2 Bg6 11. Ne5 Nbd7 12. Nxg6 hxg6 13. Bf1 dxe4 14. dxe4 e5 15. a4 a5 16. Bc4 Qb6 17. Nf3 Bc5 18. g3 Nh7 19. Kg2 Ndf6 20. Re2 Rad8 21. Bd2 Nh5 22. Rf1 Rd7 23. Bc1 Kh8 24. Rd2 Rxd2 25. Bxd2 Qc7 26. Bc1 Re7 27. Qe2 Rd7 28. Ba2 Qd6 29. Bb3 Qe7 30. Bxf7 Qxf7 31. Nxe5 Qe6 32. Nxd7 Qxd7 33. e5 Qf7 34. f4 Qe7 35. Qf3 Qe6 36. g4 N7f6 37. Rd1 Qb3 38. Rd8+ Kh7 39. Qd3 Qxa4 40. gxh5 Nxh5 41. f5 Nf4+ 42. Bxf4 Qxf4 43. fxg6+ Kh6 44. Rh8+ Kg5 45. h4+ 1-0

[Event "Gothenburg op"]
[Site "Gothenburg"]
[Date "2022.08.12"]
[Round "1"]
[White "Rasti, Arvin"]
[Black "Persson, Sebastian"]
[Result "0-1"]
[WhiteElo "2156"]
[BlackElo "1631"]
[PlyCount "76"]
[EventDate "2022.08.12"]
[EventType "swiss"]
[EventRounds "8"]
[EventCountry "SWE"]
[SourceTitle "CBM 209 Extra"]
[Source "ChessBase"]
[SourceDate "2022.09.30"]
[SourceVersion "1"]
[SourceVersionDate "2022.09.30"]
[SourceQuality "1"]

1. e4 c6 2. d4 d5 3. e5 Bf5 4. h4 h5 5. Bd3 Bxd3 6. Qxd3 e6 7. Ne2 Nh6 8. c4 dxc4 9. Qxc4 Nd7 10. Nbc3 Nb6 11. Qd3 Qc7 12. Bg5 Be7 13. Rc1 Qd7 14. 0-0 Bxg5 15. hxg5 Nf5 16. Ne4 h4 17. Rfd1 Qe7 18. a3 Rd8 19. Qf3 Nd5 20. Qg4 h3 21. gxh3 Rh4 22. Qf3 f6 23. exf6 gxf6 24. N4g3 Rxh3 25. Qg4 Rh4 26. Qf3 Rh3 27. Re1 fxg5 28. Qe4 Rh4 29. Qg2 Nxg3 30. Nxg3 Qf6 31. Re4 Nf4 32. Qf1 Rxd4 33. Rxd4 Qxd4 34. Qe1 Nh3+ 35. Kf1 Qd3+ 36. Kg2 Qd5+ 37. Kf1 Nf4 38. Kg1 Qg2# 0-1